000 00468nam a2200205Ia 4500
005 20250425162644.0
008 250425s9999 xx 000 0 und d
020 _a0121820181
041 _aeng
082 _a574.8372
245 0 _aMETHODS IN ENZYMOLOGY
250 _aS.E
260 _aEstados Unidos
_bACADEMIC PRESS INC.
_c1986
260 _aORLANDO
300 _a829
650 _aENZIMOLOGIA
650 _aENZIMOLOGIA
942 _c01
010 _a94610
999 _c233721
_d233721